01470nam a2200313 a 4500001001200000003000800012006001900020007001500039008004100054020001800095020001500113040002100128035002100149043001200170050002500182245021900207260005700426300001500483504005200498533015200550650005400702650004100756650003800797655002900835710013000864710001700994856012601011999001901137ebr10379891CaPaEBRm u cr cn|||||||||100517s2010 dcu sb 100 0 eng d z9780309151061 z0309151066 aCaPaEBRcCaPaEBR a(OCoLC)651927118 an-us---14aHV551.3b.P75 2010eb00aPrivate-public sector collaboration to enhance community disaster resilienceh[electronic resource] :ba workshop report /cCommittee on Private-Public Sector Collaboration to Enhance Community Disaster Resilience. aWashington, D.C. :bNational Academies Press,c2010. axii, 74 p. aIncludes bibliographical references (p. 63-64). aElectronic reproduction.bPalo Alto, Calif. :cebrary,d2010.nAvailable via World Wide Web.nAccess may be limited to ebrary affiliated libraries. 0aPublic-private sector cooperationzUnited States. 0aEmergency managementzUnited States. 0aHazard mitigationzUnited States. 7aElectronic books.2local2 aNational Research Council (U.S.).bCommittee on Private-Public Sector Collaboration to Enhance Community Disaster Resilience.2 aebrary, Inc.40uhttp://site.ebrary.com/lib/rucke/Doc?id=10379891zAn electronic book accessible through the World Wide Web; click to view c101602d101602